|
|
|
|
| LEADER |
00616nta a2200157 i 4500 |
| 001 |
dipl44895 |
| 005 |
20141014091511.0 |
| 008 |
141009s2006 hu om 0|| zxx d |
| 040 |
|
|
|a SZTE Diploma Repozitórium
|b hun
|
| 041 |
|
|
|a zxx
|
| 100 |
1 |
|
|a Kristó Sándor Zsolt
|
| 245 |
1 |
0 |
|a Testrésznevekkel kapcsolatos frazémák kontrasztív vizsgálata a magyar és az orosz nyelvben
|h [elektronikus dokumentum] /
|c Sándor Zsolt Kristó
|
| 260 |
|
|
|c 2006
|
| 650 |
|
4 |
|a Bölcsészettudományok
|
| 700 |
1 |
|
|a Németh Miklós
|e ths
|
| 856 |
4 |
0 |
|u http://diploma.bibl.u-szeged.hu/id/eprint/44895/1/2006_kristo_sandor_zsolt.pdf
|z Dokumentum-elérés
|